Evolučné algoritmy a riešenie úloh s ohraničeniami
Evolučné algoritmy ako techniky na riešenie širokého spektra rôznych úloh. Prezentácia rôznych prístupov, ktoré možno použiť na riešenie úloh s obmedzeniami.
Uložené v:
| Hlavný autor: | |
|---|---|
| Ďalší autori: | |
| Médium: | Kapitola |
| Jazyk: | Slovak |
| Predmet: | |
| Tagy: |
Žiadne tagy, Buďte prvý, kto otaguje tento záznam!
|
MARC
| LEADER | 00000nla a2200000 4500 | ||
|---|---|---|---|
| 001 | 0225613 | ||
| 005 | 20240502073711.6 | ||
| 041 | 0 | |a slo | |
| 044 | |a SK | ||
| 245 | 1 | 0 | |a Evolučné algoritmy a riešenie úloh s ohraničeniami |c Zuzana Čičková, Allan Jose Sequeira Lopez |
| 520 | |a Evolučné algoritmy ako techniky na riešenie širokého spektra rôznych úloh. Prezentácia rôznych prístupov, ktoré možno použiť na riešenie úloh s obmedzeniami. | ||
| 610 | 2 | 0 | |a algoritmy |
| 610 | 2 | 0 | |a modely matematické |
| 610 | 2 | 0 | |a optimalizácia |
| 610 | 2 | 0 | |a rozhodovanie viackriteriálne |
| 100 | 1 | |a Čičková, Zuzana, 1978- | |
| 700 | 1 | |a Sequeira Lopez, Allan Jose, 1986- | |